Komunikačná politika v podniku cestovného ruchu bakalárska práca

Salvato in:
Dettagli Bibliografici
Autore principale: Mandáková, Lýdia
Ente Autore: Obchodná fakulta EU. Katedra služieb a cestovného ruchu - zrušené
Altri autori: Vlkovičová, Lenka
Natura: Libro
Lingua:slovacco
Pubblicazione: Bratislava 2010
Tags: Aggiungi Tag
Nessun Tag, puoi essere il primo ad aggiungerne!!

MARC

LEADER 00000nam$a2200000$$$4500
001 0134383
005 20240320074157.9
041 0 |a slo 
044 |a SK 
245 1 0 |a Komunikačná politika v podniku cestovného ruchu  |b bakalárska práca  |c Lýdia Mandáková ; školiteľ: Lenka Vlkovičová 
264 1 |a Bratislava  |c 2010 
300 |a 55 s. 
100 1 |a Mandáková, Lýdia 
700 1 |a Vlkovičová, Lenka 
710 2 |a Obchodná fakulta EU. Katedra služieb a cestovného ruchu - zrušené